AU LIBRARIES
Centralized Library System Across Seven Campuses

Supply Chain Management (Record no. 47422)

MARC details
000 -LEADER
fixed length control field 00472nam a22001817a 4500
005 - DATE AND TIME OF LATEST TRANSACTION
control field 20260520124121.0
008 - FIXED-LENGTH DATA ELEMENTS--GENERAL INFORMATION
fixed length control field 260428b |||||||| |||| 00| 0 eng d
020 ## - INTERNATIONAL STANDARD BOOK NUMBER
ISBN 978-0132743952
082 ## - DEWEY DECIMAL CLASSIFICATION NUMBER
Classification number 658.7
Author Mark CHO-S
100 ## - MAIN ENTRY--AUTHOR
Author Name Chopra, Sunil
-- Peter Meindl
245 ## - TITLE STATEMENT
Title Supply Chain Management
250 ## - EDITION STATEMENT
Edition statement 5th Ed
260 ## - PUBLICATION, DISTRIBUTION, ETC.
Name of publisher, distributor, etc. Pearson Education, Inc.
Place of Publication New Jersey
Date of publication, distribution, etc. 2013
300 ## - PHYSICAL DESCRIPTION
Pages 529 p.
500 ## - GENERAL NOTE
General note Includes Subject Index.
650 ## - SUBJECT ADDED ENTRY--TOPICAL TERM
Subject / Department Management
942 ## - ADDED ENTRY ELEMENTS (KOHA)
Koha item type Book
Holdings
Withdrawn status Lost status Damaged status Not for loan Collection code Permanent Location Current Location Shelving Location Date acquired Source of acquisition Price Inventory number Total Checkouts Full Call Number Accession No./Barcode Date last seen Koha item type
        Management Science Air University Kharian Campus Library Air University Kharian Campus Library Management Science 04/09/2026 Ali Book Services 3076.00 KA/10221   658.7 CHO-S AUKHP0671 04/28/2026 Book
Air University Sector E-9, Islamabad Pakistan
Email: librarian@au.edu.pk  Tel : +0092 51 9262612 Ext: 631